000 00576nam a2200217 a 4500
001 0001-2617
003 ELIB.Books
008 200319 2010 eng
020 _a0802518161
092 _a700.1
_bWol
100 _aWolterstorff, Nicholas.
245 _aArt in Action
260 _aGrand Rapids
_bWilliam B. Eerdmans Publishing Company
_c1980
300 _a240
_c23 Cm
650 _aChristianity & Arts
856 _nKBTS Library
_uKBTS Elib
942 _2ddc
_cBK
990 _a1
998 _aEnglishbooks.elf
_ccat
_e2020-03-19
999 _c12617
_d12617